000
00258nam a2200109Ia 4500
005
20251222114405.0
008
251222s1900||||xx |||||||||||||| ||spa||
082
_a
DVD0092/L83/2006
245
0
_a
Milagros eucarísticos.
264
_b
Logo Media.
942
_c
DVD
999
_c
1811
_d
1811